Las identidades en la educación temprana: diversidad y posibilidades
Guardat en:
| Autors principals: | , |
|---|---|
| Format: | Llibre |
| Idioma: | espanyol |
| Publicat: |
Ciudad de México
Fondo de Cultura Económica
2005
|
| Col·lecció: | Educación y Pedagogía
|
| Matèries: | |
| Etiquetes: |
Afegir etiqueta
Sense etiquetes, Sigues el primer a etiquetar aquest registre!
|
MARC
| LEADER | 00000cam a2200000 a 4500 | ||
|---|---|---|---|
| 001 | UCI7678 | ||
| 003 | CL-VaPUC | ||
| 008 | 080718e20050000MX |||||||||||||||||spa|d | ||
| 020 | |a 9681674901 | ||
| 082 | 0 | 4 | |a 372.21 |b GRI |2 21 |
| 100 | 0 | |a Grieshaber, Susan |e author |9 530945 | |
| 700 | 0 | |a Cannella, Gaile S |e author |9 530946 | |
| 245 | 1 | 4 | |a Las identidades en la educación temprana: diversidad y posibilidades |
| 300 | |a 294 p | ||
| 942 | |c BK | ||
| 945 | |d 20080718 00:00:00 |a rbrito | ||
| 260 | |a Ciudad de México |b Fondo de Cultura Económica |c 2005 | ||
| 650 | 0 | |a Educación preescolar |9 260381 | |
| 650 | 0 | |a Jardines infantiles |9 307427 | |
| 583 | |a last modification |c 20170302 11:40:20 |k Rodrigo Vera | ||
| 490 | 0 | |a Educación y Pedagogía | |
| 999 | |c 330866 |d 330864 | ||
| 952 | |0 0 |1 0 |4 0 |6 372_210000000000000_GRI_2005 |7 0 |8 A |9 416773 |a BIBEDU |b BIBEDU |c ES_NOD |d 2019-11-22 |i 4459563 |o 372.21 GRI 2005 |p 4459563 |r 2023-08-09 |w 2019-11-22 |y BK |k EBA | ||
| 952 | |0 0 |1 0 |4 0 |6 372_210000000000000_GRI_2005 |7 0 |8 A |9 416774 |a BIBEDU |b BIBEDU |c ES_NOD |d 2019-11-22 |i 4502345 |o 372.21 GRI 2005 |p 4502345 |r 2023-08-09 |w 2019-11-22 |y BK |k EPE | ||
| 952 | |0 0 |1 0 |3 erb |4 0 |6 372_210000000000000_GRI_2005 |7 0 |8 A |9 416775 |a BIBEDU |b BIBEDU |c ES_NOD |i 5362261 |o 372.21 GRI 2005 |p 5362261 |r 2023-08-09 |w 2019-11-22 |y BK |z Catalogado en:20170303 |k PAR | ||